00422nam a2200169Ia 450000500170000000800410001704000190005804100120007708200160008910000150010524500290012026000240014930000110017365000190018465100390020385000100024220221130145058.0131103s9999 xx 000 0 und d aLoreto College aEnglish a821.91bELI aEliot,T.S. aFour QuartetscT.S.Eliot aLondonbFaberc1959 a44 p.  aEnglish Poetry aEliot,T.S. - Poems - Four Quartets aLCLIB